| 000 | 00000nas 2200000zi 4500 |
| 001 | 9.891140 |
| 003 | CaOODSP |
| 005 | 20250117093826 |
| 006 | m o d f |
| 007 | cr ||||||||||| |
| 008 | 200902d19231970onctx p ow f0###a0eng|d |
| 022 | |l0384-2517 |
| 040 | |aCaOODSP|beng|erda|cCaOODSP |
| 041 | |aeng|afre |
| 043 | |an-cn--- |
| 086 | 1 |aJU1-2-1-PDF |
| 110 | 1 |aCanada. |bExchequer Court, |eauthor, |eissuing body. |
| 245 | 10|aCanada law reports / |cExchequer Court of Canada. |
| 246 | 11|aRapports judiciaires du Canada |f1963-1970 |
| 264 | 1|aOttawa : |bQueen's Printer, |c1923-1970. |
| 336 | |atext|btxt|2rdacontent |
| 337 | |acomputer|bc|2rdamedia |
| 338 | |aonline resource|bcr|2rdacarrier |
| 362 | 1 |aBegan with 1923; ceased with 1970. |
| 546 | |aText in English only (bilingual since 1963). |
| 588 | |aDescription based on: 1923. |
| 588 | |aLatest issue consulted: 1970. |
| 650 | 0|aLaw reports, digests, etc.|zCanada. |
| 780 | 00|tReports of the Exchequer Court of Canada.|w(CaOODSP)9.891147 |
| 785 | 00|tCanada Federal Court reports |w(CaOODSP)9.839808 |
| 788 | |tCanada law reports / |efre|w(CaOODSP)9.891144 |